LEADER 01270nam0 22002893i 450 001 TSA0002056 005 20231121125847.0 100 $a20170614d1992 ||||0itac50 ba 101 | $aita 102 $ait 181 1$6z01$ai $bxxxe 182 1$6z01$an 200 1 $a˜L'œattivita amministrativo-contabile ed i controlli nei dipartimenti universitari$eatti del convegno nazionale, Bari, 14-16 maggio 1992$fa cura di Buono Vito ... [et al.] 210 $aBari$cPuglia Grafica Sud$d[ca. 1992] 215 $a265 p., [16] p. di tav.$cill.$d25 cm 300 $aIn testa al front.: Universita degli studi di Bari. Politecnico di Bari. 606 $aAmministrazioni Pubbliche$xControlli interni$xCongressi$x1992$2FIR$3RMLC408927$9I 606 $aBari$xCongressi$x1992$2FIR$3RMLC408928$9I 702 1$aBuono$b, Vito$3TSAV000727 801 3$aIT$bIT-01$c20170614 850 $aIT-FR0017 899 $aBiblioteca umanistica Giorgio Aprea$bFR0017 $eN 912 $aTSA0002056 950 0$aBiblioteca umanistica Giorgio Aprea$d 52MAG 7/341$e 52FSS0000029805 VMN RS $fA $h20170614$i20170614 977 $a 52 996 $aAttività amministrativo-contabile ed i controlli nei dipartimenti universitari$91494333 997 $aUNICAS